3: Ricordati di santificare le feste /

Saved in:
Bibliografiske detaljer
Andre forfattere: Olbrychski, Daniel
Format: Slide
Sprog:italiensk
Udgivet: Prato : Milano : General video recording ; CD videosuono [distributore], 1991
Tags: Tilføj Tag
Ingen Tags, Vær først til at tagge denne postø!

MARC

LEADER 00000ngm a22000007ib4500
001 IT\ICCU\CAG\0869460
003 ItRI
005 20260124182816.0
008 050224s1991 it |||||||||||||||k|||||c
028 4 2 |a 2047 
040 |b ita 
041 7 |a ita  |2 ISO-639-2 
245 0 3 |a 3: Ricordati di santificare le feste /  |c regia di Krzysztof Kieslowski. 
260 |a Prato :  |b General video recording ;  |a Milano :  |b CD videosuono [distributore],  |c 1991 
300 |a 1 videocassetta (VHS) (60 min.) :  |b color 
500 |a Tit. del contenitore 
500 |a Lingua italiana 
500 |a Ripr. del film del 1988; interpreti Daniel Olbrychski, Maria Pakulni, Joanna Sczepkoswka. 
700 1 |a Olbrychski, Daniel  |0 IT\ICCU\RAVV\089438 
773 0 |w IT\ICCU\UBO\2365138  |t Il Decalogo  |g 3 
942 |2 ddc  |c VM  |n 0 
952 |0 0  |1 0  |4 0  |6 VO_655_000000000000000  |7 0  |9 26651  |a BO  |b BO  |d 2026-01-24  |i 7237  |l 0  |o VO 655  |p BO7237  |r 2026-01-24 18:28:16  |w 2026-01-24  |x [Sebina 5] [1 videocassetta]  |y VM  |z 1 videocassetta 
999 |c 22541  |d 22541